[Event "Oberliga Ost A 2017 2018"]
[Site "Germany"]
[Date "2018.03.18"]
[Round "9.2"]
[White "Matthey, Harald"]
[Black "Schunk, Thomas"]
[Result "0-1"]
[WhiteElo "2108"]
[BlackElo "2152"]
[PlyCount "62"]
[EventDate "2017.10.22"]
[EventType "team-tourn"]
[EventCountry "GER"]
[WhiteTeam "Dessau SK"]
[BlackTeam "Leipzig SG II"]
[WhiteTeamCountry "GER"]
[BlackTeamCountry "GER"]

1. d4 f5 2. Bf4 Nf6 3. e3 e6 4. Be2 b6 5. Bf3 c6 6. c4 d5 7. cxd5 exd5 8. Nc3
Bd6 9. Bg5 Be7 10. h4 Ne4 11. Nh3 Be6 12. Nf4 Bf7 13. Bxe4 dxe4 14. d5 O-O 15.
dxc6 Nxc6 16. Qa4 Bxg5 17. hxg5 Ne5 18. Rd1 Qxg5 19. Rh3 Rfd8 20. Rd4 Rac8 21.
Rg3 Qh6 22. Ncd5 Nd3+ 23. Nxd3 Bxd5 24. Rh3 Qf6 25. Nb4 Bf7 26. Nc6 Rd6 27.
Rxd6 Qxd6 28. Nd4 Qc5 29. f3 f4 30. b4 Qc1+ 31. Kf2 Bc4 0-1

[Event "Oberliga Ost A 2017 2018"]
[Site "Germany"]
[Date "2018.03.18"]
[Round "9.3"]
[White "Weitzer, Steffen"]
[Black "Schubert, Ralf"]
[Result "1-0"]
[WhiteElo "2236"]
[BlackElo "2148"]
[PlyCount "67"]
[EventDate "2017.10.22"]
[EventType "team-tourn"]
[EventCountry "GER"]
[WhiteTeam "Leipzig SG II"]
[BlackTeam "Dessau SK"]
[WhiteTeamCountry "GER"]
[BlackTeamCountry "GER"]

1. e4 d6 2. d4 Nf6 3. Nc3 g6 4. f4 Bg7 5. Nf3 O-O 6. e5 dxe5 7. dxe5 Qxd1+ 8.
Kxd1 Ng4 9. Ke1 c6 10. h3 Nh6 11. g4 f6 12. Bc4+ Nf7 13. Be3 Na6 14. Rd1 Kh8
15. exf6 exf6 16. Kf2 Nd8 17. Rd6 Re8 18. Bd4 Be6 19. Bxa6 bxa6 20. Re1 c5 21.
Be3 Rb8 22. Na4 Bxa2 23. Rxa6 Ne6 24. f5 gxf5 25. gxf5 Ng5 26. Bxg5 Rxe1 27.
Kxe1 fxg5 28. f6 Bh6 29. Nc3 Bc4 30. Rxa7 Be6 31. Ne4 g4 32. Nfg5 Bxg5 33. Nxg5
Bf5 34. Nf7+ 1-0

[Event "Oberliga Ost A 2017 2018"]
[Site "Germany"]
[Date "2018.03.18"]
[Round "9.4"]
[White "Erler, Rainer"]
[Black "Heistermann, Till"]
[Result "1/2-1/2"]
[WhiteElo "2100"]
[BlackElo "2155"]
[PlyCount "52"]
[EventDate "2017.10.22"]
[EventType "team-tourn"]
[EventCountry "GER"]
[WhiteTeam "Dessau SK"]
[BlackTeam "Leipzig SG II"]
[WhiteTeamCountry "GER"]
[BlackTeamCountry "GER"]

1. e4 c5 2. Nc3 Nc6 3. g3 g6 4. Bg2 Bg7 5. Nh3 e6 6. O-O Nge7 7. d3 O-O 8. Be3
d6 9. Qd2 e5 10. f4 f6 11. Nf2 Be6 12. g4 exf4 13. Bxf4 Qd7 14. Rae1 Rad8 15.
h3 Ne5 16. Nd5 b5 17. c3 Bf7 18. Nd1 Nxd5 19. exd5 c4 20. Nf2 cxd3 21. Nxd3 Nc4
22. Qf2 Rde8 23. b3 Nb6 24. Nb4 Rxe1 25. Rxe1 Re8 26. Rxe8+ Bxe8 1/2-1/2

[Event "Oberliga Ost A 2017 2018"]
[Site "Germany"]
[Date "2018.03.18"]
[Round "9.5"]
[White "Pietzsch, Manuel"]
[Black "Leibovitch, Iziaslav"]
[Result "1-0"]
[WhiteElo "2109"]
[BlackElo "2125"]
[PlyCount "63"]
[EventDate "2017.10.22"]
[EventType "team-tourn"]
[EventCountry "GER"]
[WhiteTeam "Leipzig SG II"]
[BlackTeam "Dessau SK"]
[WhiteTeamCountry "GER"]
[BlackTeamCountry "GER"]

1. e4 d6 2. d4 Nf6 3. Nc3 g6 4. f3 a6 5. Be3 b5 6. g4 Nbd7 7. Qd2 Bb7 8. h4 h5
9. g5 Nh7 10. Nge2 Bg7 11. Ng3 b4 12. Nce2 c5 13. Bg2 Nb6 14. b3 Qc7 15. O-O
Nf8 16. Rac1 e5 17. c3 exd4 18. cxd4 Ne6 19. d5 Nf8 20. Bd4 Bxd4+ 21. Qxd4 Rg8
22. Qxb4 a5 23. Qd2 Nbd7 24. f4 a4 25. Rfe1 axb3 26. axb3 f6 27. Nd4 fxg5 28.
Nb5 Qb8 29. e5 dxe5 30. fxe5 Nxe5 31. Qxg5 Nfd7 32. d6 1-0

[Event "Oberliga Ost A 2017 2018"]
[Site "Germany"]
[Date "2018.03.18"]
[Round "9.6"]
[White "Ozeran, Volodymyr"]
[Black "Liedtke, Matthias"]
[Result "1-0"]
[WhiteElo "2087"]
[BlackElo "2265"]
[PlyCount "65"]
[EventDate "2017.10.22"]
[EventType "team-tourn"]
[EventCountry "GER"]
[WhiteTeam "Dessau SK"]
[BlackTeam "Leipzig SG II"]
[WhiteTeamCountry "GER"]
[BlackTeamCountry "GER"]

1. d4 Nf6 2. Nf3 g6 3. g3 Bg7 4. Bg2 O-O 5. O-O d6 6. Re1 Nbd7 7. e4 e5 8. dxe5
dxe5 9. Nc3 c6 10. h3 b5 11. a3 Qe7 12. Qe2 a5 13. Rd1 Ba6 14. Qe1 b4 15. Nb1
h6 16. Nbd2 Nc5 17. b3 Ne8 18. axb4 axb4 19. Nc4 Rb8 20. Nfd2 Nc7 21. Na5 Bb5
22. Bf1 Qe6 23. Ndc4 Rfd8 24. Bb2 Ne8 25. Qe3 Qe7 26. Nd2 Rbc8 27. Nac4 Nf6 28.
Bxe5 Bxc4 29. Nxc4 Nfxe4 30. Bxg7 Kxg7 31. f3 Re8 32. fxe4 Nxe4 33. Nd6 1-0

[Event "Oberliga Ost A 2017 2018"]
[Site "Germany"]
[Date "2018.03.18"]
[Round "9.7"]
[White "Roemling, Sven"]
[Black "Schaefer, Sven"]
[Result "1/2-1/2"]
[WhiteElo "2154"]
[BlackElo "2001"]
[PlyCount "76"]
[EventDate "2017.10.22"]
[EventType "team-tourn"]
[EventCountry "GER"]
[WhiteTeam "Leipzig SG II"]
[BlackTeam "Dessau SK"]
[WhiteTeamCountry "GER"]
[BlackTeamCountry "GER"]

1. d4 Nf6 2. Nf3 g6 3. c4 Bg7 4. Nc3 O-O 5. e4 d6 6. Be2 e5 7. O-O Nc6 8. d5
Ne7 9. Ne1 Nd7 10. Nd3 f5 11. Bd2 Nf6 12. f3 f4 13. c5 g5 14. Rc1 Ng6 15. Nf2
Rf7 16. cxd6 cxd6 17. a4 h5 18. h3 Bf8 19. Nb5 Rg7 20. Rc3 Nh4 21. Be1 Ne8 22.
Kh2 Bd7 23. Rg1 Qf6 24. Nc7 Nxc7 25. Rxc7 Rb8 26. Qb3 Qd8 27. Rc3 Rc8 28. a5
Rxc3 29. Bxc3 g4 30. fxg4 hxg4 31. Nxg4 Bxg4 32. Bxg4 Rxg4 33. hxg4 Nf3+ 34.
gxf3 Qh4+ 35. Kg2 Qg3+ 36. Kf1 Qxf3+ 37. Ke1 Qe3+ 38. Kf1 Qf3+ 1/2-1/2

[Event "Oberliga Ost A 2017 2018"]
[Site "Germany"]
[Date "2018.03.18"]
[Round "9.8"]
[White "Schneider, Jens Erik"]
[Black "Limpert, Michael"]
[Result "1/2-1/2"]
[WhiteElo "1925"]
[BlackElo "2185"]
[PlyCount "55"]
[EventDate "2017.10.22"]
[EventType "team-tourn"]
[EventCountry "GER"]
[WhiteTeam "Dessau SK"]
[BlackTeam "Leipzig SG II"]
[WhiteTeamCountry "GER"]
[BlackTeamCountry "GER"]

1. d4 d5 2. c4 e6 3. Nc3 Nf6 4. e3 Be7 5. Bd2 Nbd7 6. cxd5 exd5 7. Nf3 O-O 8.
Bd3 Re8 9. O-O c6 10. Re1 Bd6 11. Qc2 Nf8 12. e4 dxe4 13. Nxe4 Nxe4 14. Bxe4
Bg4 15. h3 Bh5 16. Qb3 Qb6 17. Qxb6 axb6 18. a3 Bg6 19. Bxg6 Nxg6 20. Rxe8+
Rxe8 21. Re1 Rxe1+ 22. Nxe1 f6 23. g3 Kf7 24. Kf1 Ke6 25. Ke2 Kd5 26. Kd3 c5
27. Bc3 cxd4 28. Bxd4 1/2-1/2

[Event "Oberliga Ost A 2017 2018"]
[Site "Germany"]
[Date "2018.03.18"]
[Round "9.1"]
[White "Zwahr, Paul"]
[Black "Hoffmann, Hendrik"]
[Result "1/2-1/2"]
[WhiteElo "2306"]
[BlackElo "2298"]
[PlyCount "101"]
[EventDate "2017.10.22"]
[EventType "team-tourn"]
[EventCountry "GER"]
[WhiteTeam "Dresden SG Gruen Weiss"]
[BlackTeam "Leipzig SG"]
[WhiteTeamCountry "GER"]
[BlackTeamCountry "GER"]

1. e4 d6 2. d4 Nf6 3. Nc3 g6 4. f4 Bg7 5. Nf3 c5 6. Bb5+ Bd7 7. Bxd7+ Nbxd7 8.
d5 O-O 9. Qe2 Re8 10. e5 dxe5 11. fxe5 Nb6 12. e6 Qc8 13. Ng5 fxe6 14. Nxe6
Nbxd5 15. Bd2 Nc7 16. Nxg7 Kxg7 17. O-O-O Qe6 18. Qf3 b5 19. Bf4 b4 20. Bxc7
bxc3 21. Qxc3 Qxa2 22. b3 c4 23. b4 Qa4 24. g4 Qc6 25. Ba5 Kg8 26. g5 Nd5 27.
Qe5 e6 28. c3 Rf8 29. Rhf1 Rae8 30. b5 Qd7 31. Rxf8+ Rxf8 32. Bb4 Rc8 33. Rd2
Qf7 34. Bd6 Qf5 35. Qd4 Rd8 36. Be5 Rd7 37. Qc5 Qf8 38. Qxf8+ Kxf8 39. Ra2 Rf7
40. Bd4 Nb6 41. h4 Rd7 42. Re2 Rd5 43. Rxe6 Rxb5 44. Rc6 Rf5 45. Kb2 Rf4 46.
Rc7 Rf7 47. Bxb6 axb6 48. Rxc4 b5 49. Re4 Kg7 50. Kb3 h6 51. Kb4 1/2-1/2

[Event "Oberliga Ost A 2017 2018"]
[Site "Germany"]
[Date "2018.03.18"]
[Round "9.2"]
[White "Boehnisch, Manfred"]
[Black "Rudolf, Sebastian"]
[Result "1/2-1/2"]
[WhiteElo "2297"]
[BlackElo "2270"]
[PlyCount "31"]
[EventDate "2017.10.22"]
[EventType "team-tourn"]
[EventCountry "GER"]
[WhiteTeam "Leipzig SG"]
[BlackTeam "Dresden SG Gruen Weiss"]
[WhiteTeamCountry "GER"]
[BlackTeamCountry "GER"]

1. e4 c6 2. d4 d5 3. exd5 cxd5 4. c3 Nf6 5. Nf3 Nc6 6. Bf4 Bf5 7. Qb3 Qc8 8.
Ne5 a6 9. Nd2 e6 10. Be2 Be7 11. g4 Nxe5 12. gxf5 Nc6 13. fxe6 Qxe6 14. Qc2 O-O
15. Qd3 Bd6 16. Bxd6 1/2-1/2

[Event "Oberliga Ost A 2017 2018"]
[Site "Germany"]
[Date "2018.03.18"]
[Round "9.3"]
[White "Schnoor, Ekkehard"]
[Black "Roesemann, Rainer"]
[Result "1-0"]
[WhiteElo "2173"]
[BlackElo "2208"]
[PlyCount "115"]
[EventDate "2017.10.22"]
[EventType "team-tourn"]
[EventCountry "GER"]
[WhiteTeam "Dresden SG Gruen Weiss"]
[BlackTeam "Leipzig SG"]
[WhiteTeamCountry "GER"]
[BlackTeamCountry "GER"]

1. e4 c6 2. d3 d5 3. Nd2 e5 4. Ngf3 Bd6 5. g3 f5 6. Bg2 Nf6 7. O-O O-O 8. Re1
fxe4 9. dxe4 Nbd7 10. exd5 cxd5 11. Nc4 Bc5 12. Ncxe5 Bxf2+ 13. Kxf2 Nxe5 14.
Rxe5 Ng4+ 15. Kg1 Qb6+ 16. Be3 Nxe3 17. Qd4 Nxc2 18. Qxb6 axb6 19. Rc1 Nb4 20.
Rc7 Nc6 21. Rxd5 Rxa2 22. h4 Rxb2 23. Rg5 g6 24. h5 Bf5 25. Nh4 Ne5 26. Bd5+
Kh8 27. Nxf5 Rd2 28. hxg6 hxg6 29. Ne7 Rd1+ 30. Kg2 Rd2+ 31. Kh3 Rxd5 32. Rxe5
Rxe5 33. Nxg6+ Kg8 34. Nxe5 Rf5 35. Nd7 Rf7 36. Rc8+ Kg7 37. Nxb6 Kg6 38. Rg8+
Kf5 39. Rb8 Rh7+ 40. Kg2 Rc7 41. Kf3 Rc3+ 42. Kg2 Rc7 43. Nd5 Rc2+ 44. Kf3 Rb2
45. g4+ Ke5 46. Ne3 Rb1 47. Nc4+ Kd5 48. Nd2 Rb2 49. Ne4 Ke5 50. Re8+ Kd4 51.
Kf4 b5 52. Rd8+ Kc4 53. Nd6+ Kc5 54. Nxb5 Rxb5 55. Kg5 Kc6+ 56. Kh6 Kc7 57. Rd4
Rb6+ 58. Kh5 1-0

[Event "Oberliga Ost A 2017 2018"]
[Site "Germany"]
[Date "2018.03.18"]
[Round "9.4"]
[White "Rausch, Stephan"]
[Black "Hutsch, Oliver"]
[Result "1/2-1/2"]
[WhiteElo "2229"]
[BlackElo "2161"]
[PlyCount "104"]
[EventDate "2017.10.22"]
[EventType "team-tourn"]
[EventCountry "GER"]
[WhiteTeam "Leipzig SG"]
[BlackTeam "Dresden SG Gruen Weiss"]
[WhiteTeamCountry "GER"]
[BlackTeamCountry "GER"]

1. d4 Nf6 2. Nf3 d5 3. Bg5 Nbd7 4. c3 c6 5. Nbd2 h6 6. Bh4 e6 7. e3 Be7 8. Bd3
O-O 9. O-O Re8 10. Re1 Qb6 11. Rb1 c5 12. Bc2 Qc7 13. Ba4 a6 14. Ne5 b5 15.
Nxd7 Nxd7 16. Bxe7 Rxe7 17. Bc2 Bb7 18. f4 cxd4 19. cxd4 f5 20. Rc1 Qa5 21. Bb1
Nf6 22. Nb3 Qb6 23. Nc5 Bc6 24. Nd3 Be8 25. Ne5 Rc7 26. Rxc7 Qxc7 27. Qc2 Qxc2
28. Bxc2 Rc8 29. Bb1 g5 30. g3 Bh5 31. h3 Kf8 32. Nd3 Ke7 33. Rc1 Rxc1+ 34.
Nxc1 Kd6 35. Nb3 Nd7 36. Kf2 g4 37. h4 Be8 38. Bd3 Kc6 39. Nc1 Nb6 40. b3 Bd7
41. Be2 Bc8 42. Nd3 Nd7 43. Bf1 Kd6 44. Bg2 h5 45. Ke1 Kc6 46. Kd2 Kc7 47. Kc3
Kb6 48. Bf1 Kc6 49. a4 bxa4 50. bxa4 Kb6 51. Kb4 a5+ 52. Kc3 Bb7 1/2-1/2

[Event "Oberliga Ost A 2017 2018"]
[Site "Germany"]
[Date "2018.03.18"]
[Round "9.5"]
[White "Nake, Matthias"]
[Black "Schultz, Andreas"]
[Result "1/2-1/2"]
[WhiteElo "2170"]
[BlackElo "2215"]
[PlyCount "25"]
[EventDate "2017.10.22"]
[EventType "team-tourn"]
[EventCountry "GER"]
[WhiteTeam "Dresden SG Gruen Weiss"]
[BlackTeam "Leipzig SG"]
[WhiteTeamCountry "GER"]
[BlackTeamCountry "GER"]

1. e4 e6 2. d4 d5 3. Nc3 Nf6 4. exd5 exd5 5. Bd3 Be7 6. Nge2 O-O 7. O-O b6 8.
Ng3 c5 9. Nce2 g6 10. c3 Bb7 11. f4 Ne4 12. f5 Bg5 13. Bxg5 1/2-1/2

[Event "Oberliga Ost A 2017 2018"]
[Site "Germany"]
[Date "2018.03.18"]
[Round "9.6"]
[White "Braun, Gottfried"]
[Black "Kunze, Christopher"]
[Result "1/2-1/2"]
[WhiteElo "2220"]
[BlackElo "2114"]
[PlyCount "36"]
[EventDate "2017.10.22"]
[EventType "team-tourn"]
[EventCountry "GER"]
[WhiteTeam "Leipzig SG"]
[BlackTeam "Dresden SG Gruen Weiss"]
[WhiteTeamCountry "GER"]
[BlackTeamCountry "GER"]

1. e4 c5 2. c3 Nf6 3. e5 Nd5 4. d4 cxd4 5. cxd4 Nc6 6. Nf3 d6 7. Bc4 Nb6 8. Bb5
dxe5 9. Bxc6+ bxc6 10. Nxe5 Bb7 11. O-O g6 12. Nc3 Bg7 13. Re1 O-O 14. b3 Nd7
15. Bb2 c5 16. Na4 cxd4 17. Bxd4 Nxe5 18. Bxe5 e6 1/2-1/2

[Event "Oberliga Ost A 2017 2018"]
[Site "Germany"]
[Date "2018.03.18"]
[Round "9.7"]
[White "Rudolf, Matthias"]
[Black "Gempe, Thomas"]
[Result "1/2-1/2"]
[WhiteElo "2090"]
[BlackElo "2196"]
[PlyCount "37"]
[EventDate "2017.10.22"]
[EventType "team-tourn"]
[EventCountry "GER"]
[WhiteTeam "Dresden SG Gruen Weiss"]
[BlackTeam "Leipzig SG"]
[WhiteTeamCountry "GER"]
[BlackTeamCountry "GER"]

1. e4 g6 2. d4 Bg7 3. Nc3 d6 4. Be3 a6 5. Qd2 b5 6. f3 Nd7 7. h4 h6 8. Nh3 Bb7
9. Nf2 e6 10. h5 g5 11. f4 gxf4 12. Bxf4 e5 13. dxe5 Nxe5 14. O-O-O Nf6 15. Be2
Nfd7 16. Rh3 Nc5 17. Nd5 Nc6 18. Be3 Rb8 19. Rf1 1/2-1/2

[Event "Oberliga Ost A 2017 2018"]
[Site "Germany"]
[Date "2018.03.18"]
[Round "9.8"]
[White "Fasshauer, Jacob"]
[Black "Butscher, Daniel"]
[Result "0-1"]
[WhiteElo "1879"]
[BlackElo "2144"]
[PlyCount "74"]
[EventDate "2017.10.22"]
[EventType "team-tourn"]
[EventCountry "GER"]
[WhiteTeam "Leipzig SG"]
[BlackTeam "Dresden SG Gruen Weiss"]
[WhiteTeamCountry "GER"]
[BlackTeamCountry "GER"]

1. e4 e5 2. Nf3 d6 3. d4 exd4 4. Nxd4 Nf6 5. Nc3 Be7 6. Be2 O-O 7. O-O Re8 8.
f4 Bf8 9. Bf3 c5 10. Nb3 Nc6 11. Be3 Be6 12. Bf2 Qd7 13. h3 Rad8 14. Qd2 b6 15.
Rad1 Qc8 16. Rfe1 a5 17. Kh2 Bc4 18. Nc1 d5 19. exd5 Rxe1 20. Rxe1 Nb4 21. b3
Bxd5 22. Nxd5 Nbxd5 23. Nd3 Nb4 24. a3 Nxd3 25. cxd3 Qf5 26. Rd1 Bd6 27. g3 h5
28. Kg2 Bc7 29. Qe3 h4 30. g4 Qd7 31. Bxh4 Re8 32. Qd2 Nd5 33. Bxd5 Qxd5+ 34.
Kf2 Qxb3 35. Re1 Rxe1 36. Qxe1 Qa4 37. Bg3 Bxf4 0-1

[Event "Oberliga Ost A 2017 2018"]
[Site "Germany"]
[Date "2018.03.18"]
[Round "9.1"]
[White "Wegener, Dirk"]
[Black "Niegsch, Nicolas"]
[Result "1-0"]
[WhiteElo "2373"]
[BlackElo "2232"]
[PlyCount "93"]
[EventDate "2017.10.22"]
[EventType "team-tourn"]
[EventCountry "GER"]
[WhiteTeam "Dresden USV TU II"]
[BlackTeam "Loeberitz SG"]
[WhiteTeamCountry "GER"]
[BlackTeamCountry "GER"]

1. e4 c5 2. Nf3 g6 3. d4 cxd4 4. Nxd4 Bg7 5. c4 Nc6 6. Be3 Nf6 7. Nc3 O-O 8.
Be2 d6 9. O-O Bd7 10. Re1 Nxd4 11. Bxd4 Bc6 12. Bd3 Nd7 13. Bxg7 Kxg7 14. Rc1
a5 15. Qd2 Nc5 16. Bb1 a4 17. Re3 Rh8 18. Nd5 e5 19. f4 Bxd5 20. exd5 exf4 21.
Rf3 g5 22. g3 Qf6 23. gxf4 g4 24. Rg3 h5 25. h3 Rae8 26. hxg4 hxg4 27. Rxg4+
Kf8 28. f5 Rh3 29. Rf1 Qh8 30. Qg2 Ree3 31. f6 Nd7 32. Bf5 Ne5 33. Rg7 Nf3+ 34.
Rxf3 Rhxf3 35. Bh7 Re1+ 36. Kh2 Rxf6 37. Rg8+ Qxg8 38. Qxg8+ Ke7 39. Qg5 Re5
40. Qh4 Re2+ 41. Kg1 Re3 42. c5 Ref3 43. cxd6+ Kxd6 44. Qb4+ Kc7 45. Be4 R3f4
46. Qe7+ Kb6 47. Bg2 1-0

[Event "Oberliga Ost A 2017 2018"]
[Site "Germany"]
[Date "2018.03.18"]
[Round "9.2"]
[White "Pallas, Sebastian"]
[Black "Kukel, Imre"]
[Result "0-1"]
[WhiteElo "2230"]
[BlackElo "2253"]
[PlyCount "46"]
[EventDate "2017.10.22"]
[EventType "team-tourn"]
[EventCountry "GER"]
[WhiteTeam "Loeberitz SG"]
[BlackTeam "Dresden USV TU II"]
[WhiteTeamCountry "GER"]
[BlackTeamCountry "GER"]

1. e4 c5 2. Nf3 Nc6 3. d4 cxd4 4. Nxd4 g6 5. Nc3 Bg7 6. Be3 Nf6 7. Bc4 O-O 8.
Bb3 d6 9. f3 Bd7 10. Qd2 Qa5 11. O-O-O Rfc8 12. Kb1 Ne5 13. Bh6 Bxh6 14. Qxh6
Rxc3 15. bxc3 Qxc3 16. Ne2 Qc5 17. Nf4 a5 18. Nd5 Nxd5 19. Rxd5 Qb6 20. Rxe5
dxe5 21. Rd1 Be8 22. Kc1 Rc8 23. Qh3 e6 0-1

[Event "Oberliga Ost A 2017 2018"]
[Site "Germany"]
[Date "2018.03.18"]
[Round "9.3"]
[White "Salzmann, Peter"]
[Black "Proehl, Holger"]
[Result "1/2-1/2"]
[WhiteElo "2139"]
[BlackElo "2364"]
[PlyCount "83"]
[EventDate "2017.10.22"]
[EventType "team-tourn"]
[EventCountry "GER"]
[WhiteTeam "Dresden USV TU II"]
[BlackTeam "Loeberitz SG"]
[WhiteTeamCountry "GER"]
[BlackTeamCountry "GER"]

1. c4 Nf6 2. Nc3 d6 3. d4 Nbd7 4. g3 e5 5. Bg2 Be7 6. Nf3 O-O 7. O-O Re8 8. Qc2
c6 9. b3 Qc7 10. Bb2 Nf8 11. Rad1 Bg4 12. dxe5 dxe5 13. Ne4 Ng6 14. h3 Bc8 15.
Nxf6+ Bxf6 16. e4 Be7 17. Rd2 f6 18. Rfd1 Be6 19. Bf1 b6 20. Bc3 a5 21. h4 Nf8
22. Be2 Red8 23. Rxd8 Rxd8 24. Rxd8 Qxd8 25. Qd2 Qxd2 26. Nxd2 Nd7 27. f4 Bc5+
28. Kg2 Bd4 29. Bxd4 exd4 30. Nf3 c5 31. Ne1 Nb8 32. a4 Nc6 33. Nd3 Kf7 34. g4
Ke7 35. Bf3 Nb4 36. Nxb4 axb4 37. Bd1 Bd7 38. Kg3 Kd6 39. Bc2 Be8 40. h5 h6 41.
Bd3 Bc6 42. Bc2 1/2-1/2

[Event "Oberliga Ost A 2017 2018"]
[Site "Germany"]
[Date "2018.03.18"]
[Round "9.4"]
[White "Schuetze, Norman"]
[Black "Ader, Gunter"]
[Result "0-1"]
[WhiteElo "2282"]
[BlackElo "2036"]
[PlyCount "68"]
[EventDate "2017.10.22"]
[EventType "team-tourn"]
[EventCountry "GER"]
[WhiteTeam "Loeberitz SG"]
[BlackTeam "Dresden USV TU II"]
[WhiteTeamCountry "GER"]
[BlackTeamCountry "GER"]

1. e4 d6 2. d4 Nf6 3. Nc3 g6 4. h3 Bg7 5. Nf3 c5 6. dxc5 Qa5 7. Nd2 Qxc5 8. Nc4
O-O 9. Be3 Qc7 10. Nb5 Qc6 11. Nxa7 Rxa7 12. Bxa7 b5 13. Nd2 Nxe4 14. Rb1 Be6
15. Nb3 Bxb2 16. Bd4 Bc3+ 17. Ke2 Bxd4 18. Qxd4 Nc3+ 19. Kd2 Nxb1+ 20. Kc1 Na3
21. Bd3 Rc8 22. Qb2 Qxg2 23. Rf1 Qxh3 24. f3 Rxc2+ 25. Qxc2 Nxc2 26. Kxc2 Bf5
27. Rf2 Nc6 28. Kd2 Bxd3 29. Kxd3 Qf5+ 30. Ke3 h5 31. Rd2 h4 32. Kf2 Qg5 33.
Kf1 h3 34. Rc2 Qg3 0-1

[Event "Oberliga Ost A 2017 2018"]
[Site "Germany"]
[Date "2018.03.18"]
[Round "9.5"]
[White "Oehl, Tim"]
[Black "Schuster, Martin"]
[Result "0-1"]
[WhiteElo "2157"]
[BlackElo "2205"]
[PlyCount "106"]
[EventDate "2017.10.22"]
[EventType "team-tourn"]
[EventCountry "GER"]
[WhiteTeam "Dresden USV TU II"]
[BlackTeam "Loeberitz SG"]
[WhiteTeamCountry "GER"]
[BlackTeamCountry "GER"]

1. f4 d5 2. Nf3 Nf6 3. e3 g6 4. Be2 Bg7 5. O-O O-O 6. d3 c5 7. Qe1 Nc6 8. Nc3
d4 9. Ne4 Nxe4 10. dxe4 dxe3 11. c3 Qb6 12. Bd1 Bg4 13. Qxe3 Rad8 14. Qf2 c4
15. Be3 Qc7 16. h3 Bc8 17. Bc2 b6 18. Qh4 e6 19. Ng5 h6 20. Nf3 Qe7 21. Qg3 Qc7
22. Rf2 Ne7 23. Raf1 f5 24. Ne5 Kh7 25. Bd4 Bb7 26. exf5 exf5 27. Re1 Rd6 28.
Rfe2 Rxd4 29. cxd4 Qd6 30. Rd1 b5 31. b3 Rc8 32. bxc4 bxc4 33. h4 Be4 34. h5
gxh5 35. Qh3 Bxc2 36. Rxc2 Qd5 37. Qxh5 Qe4 38. Re2 Qxf4 39. Qf7 c3 40. Qb3 Nc6
41. Rf2 Nxd4 42. Rxf4 Nxb3 43. axb3 Bxe5 44. Rxf5 c2 45. Rc1 Bb2 46. Rff1 Kg6
47. Rfe1 Bxc1 48. Rxc1 Kg5 49. Kf2 Kg4 50. b4 h5 51. Kg1 Kg3 52. Kf1 h4 53. b5
Rc5 0-1

[Event "Oberliga Ost A 2017 2018"]
[Site "Germany"]
[Date "2018.03.18"]
[Round "9.6"]
[White "Schindler, Christian"]
[Black "Ledfuss, Guntram"]
[Result "1-0"]
[WhiteElo "2219"]
[BlackElo "2043"]
[PlyCount "95"]
[EventDate "2017.10.22"]
[EventType "team-tourn"]
[EventCountry "GER"]
[WhiteTeam "Loeberitz SG"]
[BlackTeam "Dresden USV TU II"]
[WhiteTeamCountry "GER"]
[BlackTeamCountry "GER"]

1. d4 Nf6 2. Nf3 g6 3. b3 Bg7 4. Bb2 O-O 5. c4 d5 6. e3 c5 7. dxc5 Qa5+ 8. Nbd2
Bg4 9. a3 Qxc5 10. Be2 dxc4 11. Nxc4 Nc6 12. O-O Rfd8 13. Qc1 Rac8 14. Rd1
Rxd1+ 15. Qxd1 Bxf3 16. Bxf3 b5 17. Nd2 Rd8 18. Rc1 Qd6 19. Rxc6 Qxd2 20. Qxd2
Rxd2 21. Rc8+ Bf8 22. Bc1 Rd7 23. Kf1 Kg7 24. Ke2 Nd5 25. Bb2+ f6 26. Rc5 Nc7
27. Bg4 e6 28. Rc6 Kf7 29. f4 h5 30. Bf3 Ne8 31. Be4 Rc7 32. Rxc7+ Nxc7 33. Bd3
Bc5 34. e4 f5 35. exf5 exf5 36. Be5 Nd5 37. b4 Bg1 38. Bxb5 Bxh2 39. Bc4 Ke6
40. Kf3 Bg1 41. Bb8 Bb6 42. b5 Bc5 43. a4 Bb6 44. Bb3 Bc5 45. a5 Bd4 46. Bxa7
Bxa7 47. b6 Bb8 48. a6 1-0

[Event "Oberliga Ost A 2017 2018"]
[Site "Germany"]
[Date "2018.03.18"]
[Round "9.7"]
[White "Richter, Claudius"]
[Black "Otikova, Elina"]
[Result "0-1"]
[WhiteElo "2047"]
[BlackElo "2054"]
[PlyCount "116"]
[EventDate "2017.10.22"]
[EventType "team-tourn"]
[EventCountry "GER"]
[WhiteTeam "Dresden USV TU II"]
[BlackTeam "Loeberitz SG"]
[WhiteTeamCountry "GER"]
[BlackTeamCountry "GER"]

1. e4 e5 2. Nf3 Nc6 3. d4 exd4 4. Nxd4 Nf6 5. Nxc6 bxc6 6. e5 Qe7 7. Qe2 Nd5 8.
c4 Ba6 9. b3 g6 10. Bb2 Bg7 11. Nd2 O-O 12. O-O-O d6 13. Qf3 Nb6 14. exd6 Bxb2+
15. Kxb2 Qe5+ 16. Qc3 Qxc3+ 17. Kxc3 cxd6 18. Nf3 Rfd8 19. g3 Bb7 20. Bg2 c5
21. Nh4 d5 22. Kb2 Rab8 23. cxd5 Nxd5 24. Rd2 c4 25. bxc4 Ba6+ 26. Ka1 Nb4 27.
Rxd8+ Rxd8 28. Kb2 Rc8 29. Bd5 Bxc4 30. Bxc4 Rxc4 31. Kb3 Rd4 32. Kc3 Re4 33.
a3 Nd5+ 34. Kd3 Ra4 35. Ra1 Nc7 36. Kc3 Nb5+ 37. Kb3 Re4 38. Ra2 a5 39. Rd2 a4+
40. Kb2 Rc4 41. Rd3 Re4 42. Rd2 Kg7 43. Ng2 Nd4 44. h3 Nf3 45. Rc2 h5 46. h4
Ne5 47. Kc3 Rc4+ 48. Kd2 Rxc2+ 49. Kxc2 Nc4 50. Kc3 Nxa3 51. Kb4 Nb1 52. Kxa4
Nc3+ 53. Kb4 Ne4 54. f4 Nxg3 55. Kc4 Kf6 56. Kd4 Kf5 57. Ke3 Kg4 58. Kf2 Nf5
0-1

[Event "Oberliga Ost A 2017 2018"]
[Site "Germany"]
[Date "2018.03.18"]
[Round "9.8"]
[White "Klyszcz, Michael"]
[Black "Richter, Philipp"]
[Result "0-1"]
[WhiteElo "1975"]
[BlackElo "1795"]
[PlyCount "68"]
[EventDate "2017.10.22"]
[EventType "team-tourn"]
[EventCountry "GER"]
[WhiteTeam "Loeberitz SG"]
[BlackTeam "Dresden USV TU II"]
[WhiteTeamCountry "GER"]
[BlackTeamCountry "GER"]

1. e4 d6 2. d4 Nf6 3. Nc3 g6 4. Be3 Bg7 5. h3 O-O 6. g4 e5 7. d5 c6 8. Bg2 cxd5
9. exd5 Nbd7 10. Nge2 h5 11. Qd2 hxg4 12. Ng3 Nb6 13. O-O-O Nc4 14. Qe2 b5 15.
Bg5 Qa5 16. Bxf6 Qb4 17. Na4 Bxf6 18. c3 Qxa4 19. b3 Bg5+ 20. Kb1 Na3+ 21. Kb2
Qa6 22. Ne4 Be7 23. hxg4 f5 24. gxf5 Bxf5 25. Rh2 Kg7 26. Ng3 Bc2 27. Rdh1 Rh8
28. Rxh8 Rxh8 29. Rxh8 Kxh8 30. f4 Qc8 31. fxe5 b4 32. c4 Qc5 33. Qd2 Bg5 34.
Qxg5 Qd4+ 0-1

[Event "Oberliga Ost A 2017 2018"]
[Site "Germany"]
[Date "2018.03.18"]
[Round "9.1"]
[White "Lechtynsky, Jiri"]
[Black "Kuraszkiewicz, Michael"]
[Result "1/2-1/2"]
[WhiteElo "2367"]
[BlackElo "2303"]
[PlyCount "29"]
[EventDate "2017.10.22"]
[EventType "team-tourn"]
[EventCountry "GER"]
[WhiteTeam "Hoyerswerda FVS ASP"]
[BlackTeam "Plauen SK Koenig"]
[WhiteTeamCountry "GER"]
[BlackTeamCountry "GER"]

1. d4 Nf6 2. Nf3 d5 3. c4 e6 4. Nc3 Bb4 5. e3 O-O 6. Bd3 c5 7. O-O b6 8. cxd5
exd5 9. Ne5 Bb7 10. Bd2 Nbd7 11. a3 Nxe5 12. dxe5 Bxc3 13. Bxc3 Ne4 14. Bxe4
dxe4 15. Qg4 1/2-1/2